Towards a Portuguese postcolonialism / (Record no. 192637)

MARC details
000 -LEADER
campo de control de longitud fija 01271nam a2200349 i 4500
001 - NÚMERO DE CONTROL
campo de control 192637
003 - IDENTIFICADOR DE NÚMERO DE CONTROL
campo de control ES-MaACL
005 - FECHA Y HORA DE LA ÚLTIMA TRANSACCIÓN
campo de control 20240224063115.0
007 - CAMPO FIJO DE DESCRIPCIÓN FÍSICA--INFORMACIÓN GENERAL
campo de control de longitud fija ta
008 - DATOS DE LONGITUD FIJA--INFORMACIÓN GENERAL
campo de control de longitud fija 230508e2006 |||||||| |||| 00| 0 eng d
020 ## - NÚMERO INTERNACIONAL ESTÁNDAR DEL LIBRO
Número Internacional Estándar del Libro 9780955392245
040 ## - FUENTE DE CATALOGACIÓN
Lengua de catalogación spa
Centro/agencia transcriptor ES-MaACL
080 ## - NÚMERO DE LA CLASIFICACIÓN DECIMAL UNIVERSAL
Número de la Clasificación Decimal Universal 869.0996
245 00 - MENCIÓN DEL TÍTULO
Título Towards a Portuguese postcolonialism /
Mención de responsabilidad, etc. edited by Anthony Soares.
264 #1 - PRODUCCIÓN, PUBLICACIÓN, DISTRIBUCIÓN, FABRICACIÓN Y COPYRIGHT
Producción, publicación, distribución, fabricación y copyright Bristol (England) :
Nombre del de productor, editor, distribuidor, fabricante University of Bristol, Department of Hispanic, Portuguese & Latin American Studies,
Fecha de producción, publicación, distribución, fabricación o copyright 2006
300 ## - DESCRIPCIÓN FÍSICA
Extensión 236 páginas ;
Dimensiones 21 cm.
336 ## - TIPO DE CONTENIDO
Fuente rdacontent
Término de tipo de contenido Texto
337 ## - TIPO DE MEDIO
Fuente rdamedia
Nombre/término del tipo de medio sin mediación
338 ## - TIPO DE SOPORTE
Fuente rdacarrier
Nombre/término del tipo de soporte volumen
490 1# - MENCIÓN DE SERIE
Mención de serie Lusophone studies ;
Designación de volumen o secuencia 4
500 ## - NOTA GENERAL
Nota general Índice
504 ## - NOTA DE BIBLIOGRAFÍA, ETC.
Nota de bibliografía, etc. Referencias bibliográficas
650 #4 - PUNTO DE ACCESO ADICIONAL DE MATERIA--TÉRMINO DE MATERIA
9 (RLIN) 14650
Término de materia o nombre geográfico como elemento de entrada Literatura portuguesa-
Subdivisión general Historia y crítica
700 1# - ENTRADA AGREGADA--NOMBRE PERSONAL
9 (RLIN) 176418
Nombre de persona Soares, Anthony,
Término indicativo de función/relación Editor literario
710 2# - ENTRADA AGREGADA--NOMBRE DE ENTIDAD CORPORATIVA
9 (RLIN) 176419
Nombre de entidad corporativa o nombre de jurisdicción como elemento de entrada University of Bristol.
Unidad subordinada Department of Hispanic, Portuguese, and Latin American Studies
Término indicativo de función/relación Editor
830 1# - PUNTO DE ACCESO ADICIONAL DE SERIE-TÍTULO UNIFORME
Título uniforme Lusophone studies ;
Designación de volumen o secuencia 4
9 (RLIN) 193618
852 ## - LOCALIZACIÓN
Ubicación ES-MaACL
Sublocalización o colección R.153368
Número de control de estantería N-8264
Ubicación en estantería Depósito J
Donativo/Legado Donación: J. Carlos Piera
itemnumber 199933
903 ## - NOMBRE PERSONAL DE DONANTE
9 91922
a Piera, Carlos,
e Donante
942 ## - ELEMENTOS DE ENTRADA SECUNDARIOS (KOHA)
Tipo de ítem Koha Libro impreso
Suprimir en OPAC No
Holdings
Estatus retirado Estado de pérdida Fuente del sistema de clasificación o colocación Estado de daño No para préstamo Biblioteca de origen Biblioteca actual Ubicación en estantería Fecha de adquisición Fuente de adquisición Total de préstamos Signatura topográfica completa Código de barras Visto por última vez Tipo de ítem Koha
    Clasificación decimal universal     Biblioteca del Ateneo de Madrid Biblioteca del Ateneo de Madrid Depósito J 30/05/2022 Donación   N-8264 101205232 08/05/2023 Libro impreso